[Event "BL 1617 SK König Tegel - SV Griesheim"]
[Site "?"]
[Date "2017.02.19"]
[Round "8.3"]
[White "Tazbir, Marcin"]
[Black "Richter, Michael"]
[Result "1-0"]
[WhiteElo "2504"]
[BlackElo "2498"]
[PlyCount "57"]
[EventDate "2017.??.??"]

1. e4 e6 2. d4 d5 3. Nc3 Nc6 4. Nf3 Nf6 5. e5 Ne4 6. Bd3 Bb4 7. Bd2 Nxd2 8.
Qxd2 f6 9. a3 Be7 10. exf6 Bxf6 11. Bb5 O-O 12. Bxc6 bxc6 13. Na4 Qd6 14. Qe3
Rb8 15. O-O-O c5 16. Nxc5 Rxb2 17. Kxb2 Qxc5 18. Rd3 Qd6 19. Kc1 Bd7 20. Rc3 h6
21. Re1 a5 22. g3 Qb6 23. Ne5 Ba4 24. f4 Re8 25. Kd2 Rc8 26. Rc5 Be7 27. Nc6
Bxc5 28. Qxe6+ Kh7 29. Qf5+ 1-0

[Event "BL 1617 SK König Tegel - SV Griesheim"]
[Site "?"]
[Date "2017.02.19"]
[Round "8.4"]
[White "Muse, Mladen"]
[Black "Jarmula, Lukasz"]
[Result "0-1"]
[WhiteElo "2391"]
[BlackElo "2475"]
[PlyCount "68"]
[EventDate "2017.??.??"]

1. Nf3 d5 2. c4 d4 3. g3 Nc6 4. Bg2 e5 5. d3 Bb4+ 6. Nfd2 a5 7. Na3 Nf6 8. Nc2
Be7 9. O-O O-O 10. a3 Nd7 11. Rb1 Nc5 12. b3 Bg4 13. Ne4 Na6 14. f4 exf4 15.
gxf4 Qd7 16. Bd2 Nc5 17. Nxc5 Bxc5 18. b4 axb4 19. axb4 Rfe8 20. Bf3 Bf8 21. b5
Bxf3 22. Rxf3 Ne7 23. Ra1 Rxa1 24. Qxa1 Qg4+ 25. Kf1 Nf5 26. Be1 Qh5 27. h3
Ne3+ 28. Nxe3 Rxe3 29. Bf2 Rxf3 30. exf3 Qxf3 31. Qxd4 Qxh3+ 32. Ke2 Qg4+ 33.
Kd2 h5 34. Kc3 h4 0-1

[Event "BL 1617 SG Trier - SP Schwegenheim"]
[Site "?"]
[Date "2017.02.19"]
[Round "8.1"]
[White "Neiksans, Arturs"]
[Black "Erdos, Viktor"]
[Result "1/2-1/2"]
[WhiteElo "2620"]
[BlackElo "2597"]
[PlyCount "154"]
[EventDate "2017.??.??"]

1. c4 c6 2. Nf3 d5 3. e3 Nf6 4. b3 Bg4 5. Bb2 e6 6. Be2 Bd6 7. h3 Bf5 8. g4
Bxb1 9. Qxb1 Nbd7 10. Qc2 Qe7 11. cxd5 cxd5 12. g5 Ne4 13. Bxg7 Rg8 14. Bb2
Nxg5 15. Nxg5 Qxg5 16. Qxh7 Ke7 17. Qh5 Qxh5 18. Bxh5 Rac8 19. Bc3 b5 20. Be2
b4 21. Bd4 e5 22. Bb2 Rc2 23. Rb1 e4 24. Kd1 Rc5 25. a3 bxa3 26. Bxa3 Ra5 27.
Bxd6+ Kxd6 28. h4 Ra2 29. Ke1 Rg6 30. h5 Rh6 31. Rh4 Ne5 32. b4 Nf3+ 33. Bxf3
exf3 34. Rh3 Ke6 35. Rc1 Ra6 36. Rxf3 Rxh5 37. Rc7 f6 38. b5 Rb6 39. Rf4 Rh1+
40. Ke2 Ra1 41. Rh4 Kd6 42. Rf7 Ke6 43. Rf8 Ra2 44. Rh6 Ke7 45. Ra8 Rxb5 46.
Rh7+ Ke6 47. Raxa7 Rxa7 48. Rxa7 Rb6 49. Kf3 Rb2 50. Ra6+ Ke7 51. Ke2 Rb3 52.
f4 Rb4 53. Kd3 Rc4 54. f5 Re4 55. Ra7+ Ke8 56. Ra1 Ke7 57. Ke2 Re5 58. Rf1 d4
59. Rf4 dxe3 60. d4 Ra5 61. Kxe3 Kd6 62. Ke4 Ra1 63. Rf3 Rh1 64. Rb3 Re1+ 65.
Kd3 Rd1+ 66. Ke3 Re1+ 67. Kd2 Rf1 68. Rb5 Rf3 69. Ke2 Ra3 70. Kf2 Rc3 71. Kg2
Ra3 72. Rb6+ Kd5 73. Rxf6 Kxd4 74. Re6 Ra5 75. Rf6 Ke4 76. Kg3 Rxf5 77. Rxf5
Kxf5 1/2-1/2

[Event "BL 1617 SG Trier - SP Schwegenheim"]
[Site "?"]
[Date "2017.02.19"]
[Round "8.2"]
[White "Lupulescu, Constantin"]
[Black "Feller, Sebastien"]
[Result "1/2-1/2"]
[WhiteElo "2620"]
[BlackElo "2574"]
[PlyCount "63"]
[EventDate "2017.??.??"]

1. d4 d5 2. c4 c6 3. Nf3 Nf6 4. e3 Bf5 5. Nc3 e6 6. Nh4 Be4 7. f3 Bg6 8. Qb3
Qc7 9. Bd2 Be7 10. g3 O-O 11. Nxg6 hxg6 12. Rc1 dxc4 13. Bxc4 Nbd7 14. O-O e5
15. dxe5 Nxe5 16. Be2 Rad8 17. Rcd1 b5 18. Bc1 Ned7 19. Qc2 Qb6 20. Kg2 Qc5 21.
Qb3 Nb6 22. e4 a5 23. a3 a4 24. Qc2 Nc4 25. f4 Nd7 26. Bf3 Ndb6 27. Rfe1 Rxd1
28. Rxd1 Ne3+ 29. Bxe3 Qxe3 30. Be2 Qc5 31. Rd2 Rd8 32. Rxd8+ 1/2-1/2

[Event "BL 1617 SG Trier - SP Schwegenheim"]
[Site "?"]
[Date "2017.02.19"]
[Round "8.3"]
[White "Kantans, Toms"]
[Black "Parligras, Mircea-Emilian"]
[Result "0-1"]
[WhiteElo "2449"]
[BlackElo "2603"]
[PlyCount "84"]
[EventDate "2017.??.??"]

1. e4 e5 2. Nf3 Nc6 3. Bb5 a6 4. Ba4 d6 5. O-O Bd7 6. d4 exd4 7. Nxd4 Be7 8.
Nc3 Bf6 9. Nde2 Nge7 10. Nd5 Nxd5 11. exd5 Ne5 12. Bxd7+ Nxd7 13. a4 O-O 14. a5
Re8 15. Ra3 Qe7 16. Ng3 g6 17. Bh6 Bxb2 18. Rb3 Bf6 19. Rxb7 Nc5 20. Rb4 Bg5
21. Bxg5 Qxg5 22. f4 Qh4 23. Qf3 f5 24. Ne2 Qf6 25. Rfb1 Kf7 26. Nc3 Re7 27.
Na4 Ne4 28. Qd3 Rae8 29. Qd4 Qh4 30. Rf1 Nf6 31. Nc3 Ng4 32. h3 Ne3 33. Rf2
Nxg2 34. Kxg2 Re3 35. Rf3 Rxf3 36. Kxf3 Qxh3+ 37. Kf2 Qh2+ 38. Kf1 Qh1+ 39. Kf2
Re1 40. Rc4 Qg1+ 41. Kf3 Rf1+ 42. Ke2 Qg2+ 0-1

[Event "BL 1617 SG Trier - SP Schwegenheim"]
[Site "?"]
[Date "2017.02.19"]
[Round "8.4"]
[White "Gledura, Benjamin"]
[Black "Meskovs, Nikita"]
[Result "1/2-1/2"]
[WhiteElo "2583"]
[BlackElo "2490"]
[PlyCount "93"]
[EventDate "2017.??.??"]

1. d4 Nf6 2. Nf3 e6 3. g3 b6 4. Bg2 Bb7 5. O-O Be7 6. c4 O-O 7. Re1 Na6 8. Nc3
Ne4 9. Bd2 d5 10. cxd5 exd5 11. Rc1 Re8 12. a3 c5 13. Bf4 Bf8 14. h4 Nc7 15.
dxc5 Nxc3 16. Rxc3 bxc5 17. Qb3 Rb8 18. Qa4 Bd6 19. Bxd6 Qxd6 20. Qxa7 Ne6 21.
Ng5 Nxg5 22. hxg5 d4 23. Qxc5 Qxc5 24. Rxc5 Bxg2 25. Kxg2 Rxb2 26. Rd5 Ra2 27.
Rxd4 Rxa3 28. Rd6 Ra5 29. f4 Ra2 30. Kf3 Ra3+ 31. e3 g6 32. g4 Kg7 33. Rd7 Kg8
34. Kf2 Kg7 35. Re2 Re4 36. Kf3 Re8 37. f5 gxf5 38. gxf5 Ra1 39. e4 Rf1+ 40.
Kg4 Rg1+ 41. Kh4 Rh1+ 42. Kg4 Rg1+ 43. Kf3 Rf1+ 44. Kg3 Rxf5 45. exf5 Rxe2 46.
Rd8 Re1 47. Kf4 1/2-1/2

[Event "BL 1617 SG Trier - SP Schwegenheim"]
[Site "?"]
[Date "2017.02.19"]
[Round "8.5"]
[White "Kovacs, Gabor"]
[Black "Goloshchapov, Aleksander"]
[Result "1/2-1/2"]
[WhiteElo "2457"]
[BlackElo "2585"]
[PlyCount "131"]
[EventDate "2017.??.??"]

1. d4 d5 2. c4 c6 3. Nf3 Nf6 4. Nc3 e6 5. e3 Nbd7 6. Qc2 Bd6 7. b3 O-O 8. Be2
b6 9. O-O Bb7 10. e4 dxe4 11. Nxe4 Nxe4 12. Qxe4 Nf6 13. Qh4 c5 14. Bb2 Ne4 15.
Qh5 Qe7 16. Rad1 Rad8 17. Bd3 cxd4 18. Nxd4 g6 19. Qe2 Qh4 20. Nf3 Qh5 21. Ne5
Qxe2 22. Bxe2 f6 23. Nd3 Nc5 24. Nxc5 Bxc5 25. Rxd8 Rxd8 26. Rd1 Rxd1+ 27. Bxd1
e5 28. Bc2 Kf7 29. Kf1 Ke6 30. f3 f5 31. Ke2 h5 32. Bc3 a5 33. Bd2 Bc6 34. Bg5
Kd6 35. Bh6 Bd7 36. Bf8+ Kc6 37. Bg7 Bd6 38. Kd2 g5 39. h3 Bb4+ 40. Kd3 Kd6 41.
Bf6 f4 42. Ke2 g4 43. Bg6 gxh3 44. gxh3 Bxh3 45. Bd8 Bc5 46. Bxh5 Bf5 47. Be8
Bb1 48. a3 Ba2 49. Ba4 Bd4 50. Bh4 Ke6 51. Kd2 e4 52. fxe4 f3 53. Kc2 Ke5 54.
Bg3+ Kxe4 55. Bc6+ Ke3 56. Bb5 f2 57. Bxf2+ Kxf2 58. Ba4 Ke3 59. Bb5 Ba1 60.
Ba4 Kd4 61. Bb5 Kc5 62. Ba4 Bf6 63. Bb5 Bg7 64. Ba4 Be5 65. Bb5 Bf6 66. Ba4
1/2-1/2

[Event "BL 1617 SG Trier - SP Schwegenheim"]
[Site "?"]
[Date "2017.02.19"]
[Round "8.6"]
[White "Gonda, Laszlo"]
[Black "Shytaj, Luca"]
[Result "1/2-1/2"]
[WhiteElo "2487"]
[BlackElo "2452"]
[PlyCount "73"]
[EventDate "2017.??.??"]

1. g3 d5 2. Nf3 Bg4 3. Bg2 c6 4. c4 Bxf3 5. Bxf3 e6 6. O-O Be7 7. Qc2 Nf6 8. b3
O-O 9. Bb2 a5 10. d4 Nbd7 11. Nc3 Nb6 12. c5 Nbd7 13. Na4 Ne8 14. Bg2 Nc7 15.
a3 Nb5 16. Rfd1 Qc7 17. e3 Rfb8 18. Bf1 Qc8 19. Rdc1 Nc7 20. Qd2 Qd8 21. Bc3
Nb5 22. Bb2 Nc7 23. Bd3 f5 24. Qe1 Ne8 25. Bc3 Nef6 26. f3 Qc7 27. Ra2 Rf8 28.
Rca1 g6 29. b4 axb4 30. axb4 e5 31. dxe5 Nxe5 32. Be2 Nfd7 33. Bd4 Bf6 34. Qc3
g5 35. f4 gxf4 36. gxf4 Ng6 37. Nb6 1/2-1/2

[Event "BL 1617 DJK Aachen - OSG Baden Baden"]
[Site "?"]
[Date "2017.02.19"]
[Round "8.1"]
[White "Svidler, Peter"]
[Black "van Foreest, Jorden"]
[Result "1-0"]
[WhiteElo "2748"]
[BlackElo "2584"]
[PlyCount "81"]
[EventDate "2017.??.??"]

1. e4 c5 2. Nf3 e6 3. d3 Nc6 4. g3 Nf6 5. Bg2 Be7 6. O-O O-O 7. e5 Ng4 8. Re1
f6 9. exf6 Nxf6 10. c4 Qb6 11. Nc3 d6 12. a3 e5 13. Be3 Bg4 14. h3 Bh5 15. b4
Qd8 16. g4 Bg6 17. Nh4 Bf7 18. Nf5 Rc8 19. f4 b6 20. Qa4 Be8 21. b5 Nd4 22.
Bxd4 cxd4 23. Nd5 Nxd5 24. Bxd5+ Kh8 25. Qxa7 Bf6 26. fxe5 Rc7 27. Qa8 Qxa8 28.
Bxa8 Bxe5 29. a4 g6 30. Rxe5 dxe5 31. Nd6 Bd7 32. Bd5 Ra7 33. Ra2 Rf6 34. c5
bxc5 35. b6 Ra5 36. b7 Rf8 37. Nf7+ Kg7 38. Nxe5 Bxa4 39. Nd7 Bxd7 40. Rxa5 c4
41. Ra8 1-0

[Event "BL 1617 DJK Aachen - OSG Baden Baden"]
[Site "?"]
[Date "2017.02.19"]
[Round "8.2"]
[White "Donchenko, Alexander"]
[Black "Kasimdzhanov, Rustam"]
[Result "1/2-1/2"]
[WhiteElo "2553"]
[BlackElo "2699"]
[PlyCount "132"]
[EventDate "2017.??.??"]

1. Nf3 d5 2. g3 g6 3. Bg2 Bg7 4. c4 dxc4 5. Qa4+ Nc6 6. Qxc4 e5 7. d3 Nge7 8.
O-O O-O 9. Nc3 h6 10. Qh4 Nd4 11. Nxd4 exd4 12. Ne4 Nd5 13. Qxd8 Rxd8 14. Rb1
a5 15. Re1 a4 16. Bf3 b6 17. g4 Be6 18. a3 Ra7 19. Bd2 c5 20. Rec1 Ne7 21. h3
Kh7 22. Bf4 Ba2 23. Ra1 Bd5 24. Rab1 f5 25. gxf5 gxf5 26. Nd2 Bxf3 27. Nxf3 Nd5
28. Bd2 Bf6 29. Rc4 Re8 30. Kf1 Kg6 31. b4 axb3 32. Rxb3 Bg5 33. Rc2 Re6 34.
Rcb2 Ra6 35. Be1 Bc1 36. Ra2 Ra4 37. Ra1 Bf4 38. Rab1 Kf7 39. Bd2 Bc7 40. Re1
f4 41. Rc1 Re8 42. Rc4 Rea8 43. Rxa4 Rxa4 44. Kg2 Ke6 45. Ne1 Kd7 46. Kf3 Kc6
47. Nc2 Ra8 48. Rb1 Rg8 49. a4 Ne7 50. Rc1 Kd5 51. Bxf4 Rf8 52. e4+ dxe3 53.
fxe3 Ng6 54. Ke2 Bxf4 55. exf4 Nxf4+ 56. Ke3 Ng2+ 57. Ke2 Nf4+ 58. Ke3 Ng2+ 59.
Ke2 Ra8 60. Ra1 Nf4+ 61. Ke3 Ne6 62. Kd2 Rf8 63. Ne3+ Kd4 64. Nc2+ Kd5 65. Ne3+
Kd4 66. Nc2+ Kd5 1/2-1/2

[Event "BL 1617 DJK Aachen - OSG Baden Baden"]
[Site "?"]
[Date "2017.02.19"]
[Round "8.3"]
[White "Bacrot, Etienne"]
[Black "Swinkels, Robin"]
[Result "1-0"]
[WhiteElo "2695"]
[BlackElo "2485"]
[PlyCount "59"]
[EventDate "2017.??.??"]

1. e4 c5 2. Nf3 d6 3. d4 cxd4 4. Nxd4 Nf6 5. Nc3 Nc6 6. Bg5 e6 7. Qd2 a6 8.
O-O-O Bd7 9. f4 b5 10. Bxf6 gxf6 11. Kb1 Qb6 12. Nxc6 Bxc6 13. f5 b4 14. Ne2 e5
15. Ng3 h5 16. h4 Bh6 17. Qe2 Ke7 18. Nxh5 b3 19. axb3 a5 20. Qd3 Rhd8 21. g4
a4 22. g5 axb3 23. cxb3 d5 24. Qg3 dxe4 25. Bc4 e3 26. Nxf6 Qa5 27. Nd5+ Bxd5
28. Qxe5+ Kf8 29. Rxd5 Rxd5 30. Qxd5 1-0

[Event "BL 1617 DJK Aachen - OSG Baden Baden"]
[Site "?"]
[Date "2017.02.19"]
[Round "8.4"]
[White "Burg, Twan"]
[Black "Shirov, Alexei"]
[Result "1/2-1/2"]
[WhiteElo "2508"]
[BlackElo "2678"]
[PlyCount "63"]
[EventDate "2017.??.??"]

1. e4 e5 2. Nf3 Nc6 3. Nc3 Nf6 4. d4 exd4 5. Nxd4 Bb4 6. Nxc6 bxc6 7. Bd3 d5 8.
exd5 cxd5 9. O-O O-O 10. h3 Be6 11. Qf3 c5 12. Bg5 h6 13. Bh4 Bxc3 14. bxc3 c4
15. Bf5 Bxf5 16. Qxf5 Qc8 17. Qxc8 Rfxc8 18. f3 Nh5 19. Bf2 Nf4 20. Rfe1 Rab8
21. Bxa7 Rb2 22. Be3 g5 23. Bxf4 gxf4 24. Re2 Ra8 25. a4 Ra5 26. Kf2 Rb6 27. g3
fxg3+ 28. Kxg3 Kg7 29. Re5 Rb2 30. Re2 Rb6 31. Re5 Rb2 32. Re2 1/2-1/2

[Event "BL 1617 DJK Aachen - OSG Baden Baden"]
[Site "?"]
[Date "2017.02.19"]
[Round "8.5"]
[White "Naiditsch, Arkadij"]
[Black "Hoffmann, Michael"]
[Result "1-0"]
[WhiteElo "2702"]
[BlackElo "2465"]
[PlyCount "59"]
[EventDate "2017.??.??"]

1. e4 c5 2. Nf3 d6 3. d4 cxd4 4. Nxd4 Nf6 5. Nc3 g6 6. g3 Nc6 7. Bg2 Nxd4 8.
Qxd4 Bg7 9. O-O O-O 10. Qb4 a5 11. Qb3 Be6 12. Qxb7 Nd7 13. Qb5 Rc8 14. Rd1 Rc5
15. Qe2 Bxc3 16. bxc3 Qc7 17. Bd2 Nb6 18. Be3 Rc4 19. Bf1 Rc8 20. Bd4 Na4 21.
Qe3 Rc6 22. e5 Nxc3 23. exd6 Rxd6 24. Rd2 f6 25. Re1 Nd5 26. Qh6 Bf7 27. Re4 e5
28. Rxe5 fxe5 29. Bxe5 Be6 30. c4 1-0

[Event "BL 1617 DJK Aachen - OSG Baden Baden"]
[Site "?"]
[Date "2017.02.19"]
[Round "8.6"]
[White "Braga, Fernando"]
[Black "Movsesian, Sergei"]
[Result "0-1"]
[WhiteElo "2414"]
[BlackElo "2679"]
[PlyCount "82"]
[EventDate "2017.??.??"]

1. c4 e5 2. g3 Nc6 3. Bg2 d6 4. Nc3 Be6 5. d3 Qd7 6. e3 g6 7. b3 Bg7 8. Bb2 Nf6
9. Nge2 Bh3 10. O-O h5 11. Bxh3 Qxh3 12. f3 Ne7 13. e4 c6 14. Kh1 Rd8 15. Qc2
O-O 16. Rad1 Nh7 17. Na4 b5 18. cxb5 cxb5 19. Nac3 Qc8 20. Qd2 Qb7 21. d4 b4
22. Na4 Nc6 23. d5 Ne7 24. f4 Nf6 25. fxe5 Nxe4 26. Qd3 Nc3 27. Bxc3 bxc3 28.
exd6 Nf5 29. Naxc3 Nxd6 30. Nd4 Qd7 31. Nc6 Rde8 32. Qf3 h4 33. gxh4 Nf5 34.
Ne4 Nxh4 35. Nf6+ Bxf6 36. Qxf6 Qg4 37. Rd2 Re3 38. Ne7+ Kh7 39. d6 Qe4+ 40.
Kg1 Nf3+ 41. Rxf3 Rxf3 0-1

[Event "BL 1617 DJK Aachen - OSG Baden Baden"]
[Site "?"]
[Date "2017.02.19"]
[Round "8.7"]
[White "Meier, Georg"]
[Black "Braun, Christian"]
[Result "1-0"]
[WhiteElo "2630"]
[BlackElo "2354"]
[PlyCount "133"]
[EventDate "2017.??.??"]

1. Nf3 Nf6 2. g3 g6 3. Bg2 Bg7 4. O-O O-O 5. d4 d5 6. c4 dxc4 7. Na3 Na6 8.
Nxc4 c5 9. b3 Bf5 10. Bb2 Be4 11. Qd2 b6 12. Rac1 Qb8 13. Rfd1 Qb7 14. Qe1 Rfd8
15. Qf1 cxd4 16. Bxd4 Nc7 17. Ncd2 Bd5 18. Bh3 Nb5 19. Be5 Ne4 20. Bxg7 Kxg7
21. Nxe4 Bxe4 22. Qe1 Rxd1 23. Qxd1 Qd5 24. Qxd5 Bxd5 25. Bd7 Nd6 26. Nd4 a5
27. f3 f5 28. Rc7 Ne8 29. Bxe8 Rxe8 30. Rd7 Ba8 31. Ne6+ Kf7 32. Ng5+ Kg7 33.
Kf2 h6 34. Ne6+ Kf7 35. Nd8+ Kf6 36. a3 g5 37. b4 axb4 38. axb4 g4 39. fxg4
fxg4 40. Ke3 Ke5 41. b5 Bd5 42. Nc6+ Ke6 43. Rb7 Kd6 44. Rxb6 Kc5 45. Rb7 Bxc6
46. bxc6 Kxc6 47. Ra7 h5 48. Ra6+ Kd5 49. Ra5+ Ke6 50. Rxh5 Rf8 51. Ke4 Rf2 52.
Rh8 Kf7 53. Ke3 Rg2 54. Kf4 Rxe2 55. Kxg4 Rf2 56. h4 e5 57. Ra8 Ke6 58. h5 e4
59. Re8+ Kd5 60. h6 Rh2 61. Kg5 Kd4 62. g4 e3 63. Kg6 e2 64. h7 Kd3 65. Kg7 Rg2
66. h8=Q Rxg4+ 67. Kf6 1-0

[Event "BL 1617 DJK Aachen - OSG Baden Baden"]
[Site "?"]
[Date "2017.02.19"]
[Round "8.8"]
[White "van Foreest, Lucas"]
[Black "Gustafsson, Jan"]
[Result "1/2-1/2"]
[WhiteElo "2453"]
[BlackElo "2626"]
[PlyCount "98"]
[EventDate "2017.??.??"]

1. e4 e5 2. Nf3 Nc6 3. Bc4 Bc5 4. O-O Nf6 5. d3 O-O 6. h3 d5 7. exd5 Nxd5 8.
Re1 Be6 9. Nbd2 Bb6 10. Bb3 f6 11. Nc4 Qd7 12. Qe2 Rad8 13. c3 Rfe8 14. Nxb6
cxb6 15. Bc2 Kh8 16. Kh1 Bf5 17. Kg1 g5 18. Nh2 Nf4 19. Bxf4 exf4 20. Qh5 Rxe1+
21. Rxe1 Bg6 22. Qg4 Bxd3 23. Bxd3 Qxd3 24. h4 Qg6 25. Nf3 Rg8 26. h5 Qf7 27.
Qf5 h6 28. Nd4 Rd8 29. Re6 Kg7 30. Qe4 Kh8 31. f3 Nxd4 32. Re7 Ne2+ 33. Kf2 Ng3
34. Rxf7 Rd2+ 35. Ke1 Nxe4 36. fxe4 Rxg2 37. Rxf6 Kg7 38. Rg6+ Kf7 39. Rxh6 Rh2
40. e5 Ke7 41. Kf1 g4 42. Rf6 f3 43. Rg6 Rxh5 44. Rxg4 Rxe5 45. Rg7+ Kd6 46.
Rxb7 Re2 47. Rxa7 Rxb2 48. Rf7 Rxa2 49. Rxf3 Kc5 1/2-1/2

[Event "BL 1617 SG Solingen - Schwäbisch Hall"]
[Site "?"]
[Date "2017.02.19"]
[Round "8.1"]
[White "Inarkiev, Ernesto"]
[Black "Giri, Anish"]
[Result "1/2-1/2"]
[WhiteElo "2723"]
[BlackElo "2769"]
[PlyCount "68"]
[EventDate "2017.??.??"]

1. d4 Nf6 2. Nf3 d5 3. c4 e6 4. g3 Bb4+ 5. Bd2 Bd6 6. Nc3 O-O 7. Bg5 c6 8. Bg2
h6 9. Bxf6 Qxf6 10. e4 dxe4 11. Nxe4 Bb4+ 12. Ke2 Qe7 13. Qb3 f5 14. Nc3 c5 15.
Rhd1 Nc6 16. a3 Ba5 17. dxc5 e5 18. Nd5 Qf7 19. Kf1 f4 20. gxf4 Bg4 21. h3 Bh5
22. Qc2 Rae8 23. b4 e4 24. Nd4 Bc7 25. Bxe4 Bxf4 26. Nf5 Rxe4 27. Qxe4 Bg5 28.
b5 Bg6 29. Nde3 Bxe3 30. Qxe3 Bxf5 31. bxc6 Bxh3+ 32. Kg1 Bg4 33. Rd3 bxc6 34.
Re1 Kh7 1/2-1/2

[Event "BL 1617 SG Solingen - Schwäbisch Hall"]
[Site "?"]
[Date "2017.02.19"]
[Round "8.2"]
[White "Harikrishna, Pentala"]
[Black "Matlakov, Maxim Sergeevich"]
[Result "1/2-1/2"]
[WhiteElo "2758"]
[BlackElo "2701"]
[PlyCount "103"]
[EventDate "2017.??.??"]

1. e4 e5 2. Nf3 Nc6 3. Bc4 Bc5 4. O-O Nf6 5. d3 O-O 6. h3 d6 7. c3 a6 8. Re1 h6
9. Bb3 Re8 10. Nbd2 Ba7 11. Nf1 Be6 12. Ng3 Bxb3 13. Qxb3 Qd7 14. Be3 Bxe3 15.
Rxe3 d5 16. Rae1 dxe4 17. dxe4 Na5 18. Qc2 Rad8 19. b3 Nc6 20. R3e2 Qe6 21. Rd1
Rxd1+ 22. Qxd1 Rd8 23. Rd2 Rd7 24. Kf1 g6 25. Ke2 Kg7 26. Rxd7 Nxd7 27. Nf1 Nf6
28. Ng3 a5 29. Qd3 a4 30. Nd2 axb3 31. axb3 Nb8 32. Qc4 Qxc4+ 33. Nxc4 Nfd7 34.
Nf1 Kf6 35. Nfe3 Ke6 36. b4 b5 37. Na5 c5 38. Nd5 cxb4 39. cxb4 Nf6 40. Nc7+
Kd7 41. Nxb5 Na6 42. Nc4 Ke6 43. Nbd6 Nxb4 44. g3 Nc6 45. Ke3 Nd7 46. f4 exf4+
47. gxf4 f5 48. Nb5 fxe4 49. Nc7+ Ke7 50. Nd5+ Ke6 51. Nc7+ Ke7 52. Nd5+
1/2-1/2

[Event "BL 1617 SG Solingen - Schwäbisch Hall"]
[Site "?"]
[Date "2017.02.19"]
[Round "8.3"]
[White "Laznicka, Viktor"]
[Black "Ragger, Markus"]
[Result "1/2-1/2"]
[WhiteElo "2666"]
[BlackElo "2703"]
[PlyCount "251"]
[EventDate "2017.??.??"]

1. d4 Nf6 2. Nf3 g6 3. Bf4 Bg7 4. e3 O-O 5. Be2 d6 6. c4 c5 7. Nc3 cxd4 8. exd4
d5 9. O-O Nc6 10. h3 dxc4 11. Bxc4 Na5 12. Bd3 Be6 13. Re1 Nc6 14. Bf1 Nd5 15.
Bg5 Nb6 16. Be3 Bc4 17. Bxc4 Nxc4 18. Qe2 Nxe3 19. fxe3 Rc8 20. Rad1 a6 21. Qf2
Qa5 22. e4 b5 23. a3 b4 24. axb4 Qxb4 25. e5 Na5 26. Nd5 Qb7 27. Nf4 Nc4 28.
Nd3 Qb3 29. Nc5 Qxb2 30. Qxb2 Nxb2 31. Rb1 Nc4 32. Nxa6 Bh6 33. Nb4 Rfd8 34.
Red1 e6 35. Kh1 Na3 36. Rb2 Nb5 37. Rc2 Rxc2 38. Nxc2 Rc8 39. Nce1 Be3 40. g4
Rc4 41. Kg2 Bxd4 42. Rb1 Nc3 43. Rc1 Bb6 44. Nd2 Rf4 45. Rxc3 Rf2+ 46. Kg3 Rxd2
47. Nf3 Ra2 48. Rc4 Bf2+ 49. Kf4 Ra1 50. g5 Kg7 51. Kg4 h6 52. gxh6+ Kxh6 53.
Rf4 Kg7 54. h4 Rh1 55. Rc4 Bb6 56. Rb4 Bc5 57. Rc4 Be3 58. Re4 Bf2 59. Rc4 Bb6
60. Rb4 Ba5 61. Ra4 Bc3 62. Rc4 Ba1 63. Rc7 Rf1 64. Kg3 Rd1 65. Kg4 Rf1 66. Kg3
Rb1 67. Kg2 Rb2+ 68. Kh3 Rf2 69. Kg4 Bb2 70. Rb7 Bc1 71. Rc7 Be3 72. Rc3 Rg2+
73. Kh3 Re2 74. Rc4 Ba7 75. Rb4 Bc5 76. Rc4 Ba3 77. Rc7 Kf8 78. Rc8+ Ke7 79.
Rc7+ Ke8 80. Rc8+ Kd7 81. Rc4 Bb2 82. Rc5 Re4 83. Rb5 Bc1 84. Rb7+ Ke8 85. Rb8+
Ke7 86. Rb7+ Kf8 87. Rc7 Bf4 88. Rc5 Kg7 89. Rb5 Be3 90. Kg3 Rc4 91. Ra5 Kh6
92. Ra8 Re4 93. Kh3 Rf4 94. Kg3 Rb4 95. Kh3 Re4 96. Rh8+ Kg7 97. Ra8 Bf4 98.
Ra5 g5 99. hxg5 Kg6 100. Ra8 Bxe5 101. Rg8+ Kh7 102. Ra8 Bf4 103. Kg4 Be3+ 104.
Kg3 Bc5 105. Rd8 Kg7 106. Kh3 Bf2 107. Rc8 Rb4 108. Ra8 Rf4 109. Kg2 Be3 110.
Kg3 Rc4 111. Kh3 Bf2 112. Kg2 Bb6 113. Kh3 Rf4 114. Kg3 Bc7 115. Rc8 Rc4+ 116.
Kh3 e5 117. Nd2 Rd4 118. Rxc7 Rxd2 119. Rc5 f6 120. gxf6+ Kxf6 121. Kg3 Kf5
122. Kf3 Rd3+ 123. Ke2 Ra3 124. Rc4 e4 125. Rc8 Kf4 126. Rf8+ 1/2-1/2

[Event "BL 1617 SG Solingen - Schwäbisch Hall"]
[Site "?"]
[Date "2017.02.19"]
[Round "8.4"]
[White "Van Kampen, Robin"]
[Black "Gharamian, Tigran"]
[Result "0-1"]
[WhiteElo "2644"]
[BlackElo "2624"]
[PlyCount "56"]
[EventDate "2017.??.??"]

1. Nf3 d5 2. g3 g6 3. Bg2 Bg7 4. d4 Nf6 5. O-O O-O 6. c4 dxc4 7. Na3 c3 8. bxc3
c5 9. e3 Nc6 10. Qe2 Bf5 11. Bb2 Qb6 12. Rfc1 Rfd8 13. Nc4 Qa6 14. a4 Na5 15.
Nfd2 Be6 16. Bf1 Bxc4 17. Nxc4 Nb3 18. Qf3 Nxa1 19. Rxa1 cxd4 20. cxd4 Rac8 21.
Ne5 Qe6 22. Bg2 Nd5 23. e4 Bxe5 24. dxe5 Nb6 25. a5 Nc4 26. Qb3 Nxb2 27. Qxb2
Rc5 28. f4 Qc6 0-1

[Event "BL 1617 SG Solingen - Schwäbisch Hall"]
[Site "?"]
[Date "2017.02.19"]
[Round "8.5"]
[White "Michalik, Peter"]
[Black "Predojevic, Borki"]
[Result "1/2-1/2"]
[WhiteElo "2582"]
[BlackElo "2611"]
[PlyCount "40"]
[EventDate "2017.??.??"]

1. d4 e6 2. c4 Nf6 3. Nf3 d5 4. Nc3 Nbd7 5. Bg5 h6 6. Bh4 Be7 7. cxd5 Nxd5 8.
Bxe7 Qxe7 9. Qb3 O-O 10. g3 Nxc3 11. Qxc3 c5 12. Bg2 cxd4 13. Nxd4 Nf6 14. Nf3
b6 15. O-O Bb7 16. Rac1 Rac8 17. Qe3 Qb4 18. Qd2 Qxd2 19. Nxd2 Rxc1 20. Rxc1
Rc8 1/2-1/2

[Event "BL 1617 SG Solingen - Schwäbisch Hall"]
[Site "?"]
[Date "2017.02.19"]
[Round "8.6"]
[White "L'Ami, Erwin"]
[Black "Wirig, Anthony"]
[Result "1/2-1/2"]
[WhiteElo "2608"]
[BlackElo "2476"]
[PlyCount "53"]
[EventDate "2017.??.??"]

1. d4 d5 2. c4 dxc4 3. e3 Nf6 4. Bxc4 a6 5. Nf3 b5 6. Be2 Bb7 7. O-O e6 8. b3
Nbd7 9. Bb2 Be7 10. Nbd2 c5 11. Rc1 Rc8 12. Rc2 O-O 13. Qb1 cxd4 14. Rxc8 Qxc8
15. Nxd4 Qa8 16. Bf3 Rc8 17. Bxb7 Qxb7 18. Rc1 Rc7 19. h3 Qc8 20. Rxc7 Qxc7 21.
Ne4 Nd5 22. Ne2 N7f6 23. Nxf6+ Bxf6 24. Bxf6 Nxf6 25. Qd3 h6 26. Nc3 Qd7 27.
Qxd7 1/2-1/2

[Event "BL 1617 SG Solingen - Schwäbisch Hall"]
[Site "?"]
[Date "2017.02.19"]
[Round "8.8"]
[White "Naumann, Alexander"]
[Black "Zeller, Frank"]
[Result "1/2-1/2"]
[WhiteElo "2568"]
[BlackElo "2393"]
[PlyCount "69"]
[EventDate "2017.??.??"]

1. e4 e5 2. Nf3 Nc6 3. Bb5 a6 4. Ba4 d6 5. O-O Bg4 6. h3 h5 7. d4 b5 8. Bb3
Nxd4 9. hxg4 Nxb3 10. axb3 hxg4 11. Ng5 Qd7 12. Qd3 c6 13. c4 b4 14. c5 f6 15.
Rd1 fxg5 16. Be3 Rd8 17. cxd6 g3 18. Rxa6 Bxd6 19. f3 g4 20. Ra7 Qe6 21. Qc4
Qxc4 22. bxc4 Nf6 23. c5 Be7 24. Rxd8+ Bxd8 25. Rxg7 Be7 26. Nd2 gxf3 27. Rxg3
fxg2 28. Kxg2 Kf7 29. Kf3 Ke6 30. Rg7 Rh3+ 31. Rg3 Rh1 32. Rg1 Rh3+ 33. Rg3 Rh1
34. Rg1 Rh3+ 35. Rg3 1/2-1/2

[Event "BL 1617 SV Mülheim Nord - USV TU Dresd"]
[Site "?"]
[Date "2017.02.19"]
[Round "8.1"]
[White "Gajewski, Grzegorz"]
[Black "Landa, Konstantin"]
[Result "1-0"]
[WhiteElo "2613"]
[BlackElo "2616"]
[PlyCount "53"]
[EventDate "2017.??.??"]

1. d4 Nf6 2. c4 e6 3. Nf3 b6 4. g3 Bb7 5. Bg2 Be7 6. O-O O-O 7. Nc3 Ne4 8. Bd2
d6 9. Qc2 Nxd2 10. Nxd2 Bxg2 11. Kxg2 c6 12. d5 exd5 13. cxd5 c5 14. Nc4 Nd7
15. f4 a6 16. a4 Qc7 17. g4 Bf6 18. Ne4 Be7 19. g5 b5 20. Ne3 f5 21. Ng3 Bxg5
22. fxg5 f4 23. Nef5 fxg3 24. Ne7+ Kh8 25. hxg3 g6 26. Rxf8+ Rxf8 27. Nxg6+ 1-0

[Event "BL 1617 SV Mülheim Nord - USV TU Dresd"]
[Site "?"]
[Date "2017.02.19"]
[Round "8.2"]
[White "Levin, Felix"]
[Black "Socko, Bartosz"]
[Result "0-1"]
[WhiteElo "2528"]
[BlackElo "2598"]
[PlyCount "66"]
[EventDate "2017.??.??"]

1. d4 Nf6 2. c4 g6 3. Nc3 d5 4. cxd5 Nxd5 5. e4 Nxc3 6. bxc3 Bg7 7. Qa4+ Qd7 8.
Bb5 c6 9. Be2 O-O 10. Nf3 c5 11. Qxd7 Bxd7 12. Ba3 cxd4 13. cxd4 Bc6 14. Bd3
Rd8 15. Ke2 Bxd4 16. Nxd4 Rxd4 17. Ke3 e5 18. Bb2 Ra4 19. Bxe5 Nd7 20. Bb2 Nc5
21. f3 Nxd3 22. Kxd3 f5 23. exf5 Bb5+ 24. Kc2 Rc8+ 25. Kb3 Ra6 26. Bd4 Ba4+ 27.
Kb4 Bc2 28. a4 Rac6 29. Bxa7 Rc4+ 30. Kb5 Bd3 31. Rhd1 Rd4+ 32. Kb6 Rb4+ 33.
Ka5 Rb2 0-1